Del cobre y nuestro desafío

I tiakina i:
Ngā taipitopito rārangi puna kōrero
Ngā kaituhi matua: Sutulov, Alexander (Author), Blanco, Luis (Author), Weisser, Marcial (Author)
Hōputu: Pukapuka
Reo:Pāniora
I whakaputaina: Santiago CIMM 1978
Ngā marau:
Ngā Tūtohu: Tāpirihia he Tūtohu
Kāore He Tūtohu, Me noho koe te mea tuatahi ki te tūtohu i tēnei pūkete!

MARC

LEADER 00000nam a2200000 a 4500
001 UCU7775
003 CL-VaPUC
008 960705e19780000CL |||||||||||||||||spa|d
082 0 4 |a 669.3  |b SUT  |2 21 
100 0 |a Sutulov, Alexander  |e author  |9 366839 
700 0 |a Blanco, Luis  |e author  |9 366840 
700 0 |a Weisser, Marcial  |e author  |9 366841 
245 1 0 |a Del cobre y nuestro desafío 
300 |a 328 p 
942 |c BK 
945 |d 19960705 00:00:00  |a paguirre 
260 |a Santiago  |b CIMM  |c 1978 
650 0 |a Tecnología química   |9 263002 
650 7 |a TECNOLOGIA METALURGICA  |2 CL-VaPUC  |9 342977 
650 0 |a Metales   |9 260686 
650 0 |a Cobre  |9 255767 
650 7 |a PRODUCTOS QUIMICOS INORGANICOS  |2 CL-VaPUC  |9 344421 
583 |a last modification  |c 19960705 00:00:00  |k Rodrigo Vera 
999 |c 250352  |d 250350 
952 |0 0  |1 0  |4 0  |6 669_300000000000000_SUT_1978  |7 0  |8 A  |9 268287  |a BIBING  |b BIBING  |d 2019-11-19  |i 1701401  |o 669.3 SUT 1978  |p 1701401  |r 2025-01-20  |w 2019-11-19  |y BK  |k EIQ 
952 |0 0  |1 0  |4 0  |6 669_300000000000000_SUT_1978  |7 0  |8 A  |9 268288  |a BIBCUR  |b BIBCUR  |d 2019-11-19  |i 1754912  |o 669.3 SUT 1978  |p 1754912  |r 2025-04-22  |w 2019-11-19  |y BK  |k BCB